000 00946nam a2200229Ia 4500
001 17935
003 GE_BSU
008 181216s||||||||xx |||||||||||||| ||und||
040 _cGE_BSU
080 _a821.353.1-2
100 _aმრევლიშვილი, მ.
245 _aზვავი. ხარაგაანთ კერა. ბედი მგოსნისა. მგზნებარე მეოცნებე.
245 _bპიესები
245 _c[გ. ციციშვილის ბოლოსიტყვაობით]
260 _aთბილისი
260 _bხელოვნება
260 _c1962
300 _a343გვ. : 1ფ. პორტრ. ; 23სმ
653 _aზვავი. ხარაგაანთ კერა. ბედი მგოსნისა. მგზნებარე მეოცნებე.
653 _aპიესები
942 _cBK
999 _c50978
_d50978